|
|
|
|
| LEADER |
00000nam a2200000 a 4500 |
| 001 |
UCU4173 |
| 003 |
CL-VaPUC |
| 005 |
20230623074128.0 |
| 008 |
960517e19740000MX |||||||||||||||||spa|d |
| 999 |
|
|
|c 247973
|d 247971
|
| 040 |
|
|
|c Pontificia Universidad Católica de Valparaíso
|
| 082 |
0 |
4 |
|a 363.73 ROS 1974
|2 21
|
| 100 |
0 |
|
|a Ross, R. D
|9 361640
|
| 245 |
1 |
3 |
|a La industria y la contaminación del aire
|
| 260 |
0 |
3 |
|a Ciudad de México, México
|b Diana
|c 1974
|
| 300 |
|
|
|a 539 páginas
|
| 583 |
|
|
|a last modification
|c 19960517 00:00:00
|k Rodrigo Vera
|
| 650 |
|
7 |
|a CONTAMINACION
|2 CL-VaPUC
|9 258139
|
| 650 |
|
0 |
|a Contaminación del aire
|9 255745
|
| 650 |
|
7 |
|a PELIGROS PARA LA SALUD
|2 CL-VaPUC
|9 342106
|
| 650 |
|
7 |
|a LEGISLACION SOBRE CONTAMINACION
|2 CL-VaPUC
|9 338124
|
| 650 |
|
7 |
|a CONTROL DE LA CONTAMINACION
|2 CL-VaPUC
|9 338077
|
| 700 |
0 |
|
|a Flower, Franklin B
|9 361641
|
| 700 |
0 |
|
|a Feuss, James V
|9 361642
|
| 700 |
0 |
|
|a Grundy, Richard D
|9 361643
|
| 700 |
0 |
|
|a Blakeslee, H. William
|9 361644
|
| 700 |
0 |
|
|a Reckner, Louis R
|9 361645
|
| 700 |
0 |
|
|a Celenza, G. J
|9 361646
|
| 700 |
0 |
|
|a Monroe, E. S
|9 361647
|
| 700 |
0 |
|
|a Schumann, J. L
|9 361648
|
| 942 |
|
|
|c BK
|2 ddc
|
| 945 |
|
|
|d 19960517 00:00:00
|a paguirre
|
| 952 |
|
|
|0 0
|1 0
|2 ddc
|4 0
|6 363_730000000000000_ROS_1974
|7 0
|8 A
|9 264266
|a BIBCUR
|b BIBCUR
|d 2019-11-19
|i 1752162
|o 363.73 ROS 1974
|p 1752162
|r 2025-04-22
|t 1
|w 2019-11-19
|y BK
|k BCB
|
| 952 |
|
|
|0 0
|1 0
|2 ddc
|4 0
|6 363_730000000000000_ROS_1974
|7 0
|8 A
|9 264267
|a BIBCUR
|b BIBCUR
|d 2019-11-19
|i 2083469
|o 363.73 ROS 1974
|p 2083469
|r 2025-04-22
|t 2
|w 2019-11-19
|y BK
|k BIO
|